000 01034nam0a22002651 4500
001 rc\3696084
005 20260407083732.0
021 _aRU
_b[71-61355]
035 _a(NLR Aleph) 007851880
090 _a7781927
_c7781927
100 _a20130115d1971 |||y0rusy50 ca
101 0 _arus
102 _aRU
105 _aa z |||||
200 1 _aТруды Киргизского государственного университета
_fМ-во нар. образования КиргССР...
_iСерия биологических наук (ботаника)
210 _aФрунзе
_cБ. и.
_d1971
215 _a106 с.
_cил.
_d21
320 _aСписки лит. в конце работ
606 _aБотаника
_jСборники
_2psbo
710 0 2 _aКиргизский государственный университет им. 50-летия СССР
_cФрунзе
_3RU\NLR\AUTH\8810946
_9294532
801 0 _aRU
_bNLR
_gpsbo
801 1 _aRU
_bELAR
_2rusmarc
852 _aNLR
_j71-5/3553
942 _cBOOK
980 _aNB